MARC details
| 000 -LEADER |
| campo de control de longitud fija |
01620nam a22004457a 4500 |
| 003 - IDENTIFICADOR DE NÚMERO DE CONTROL |
| campo de control |
OSt |
| 005 - FECHA Y HORA DE LA ÚLTIMA TRANSACCIÓN |
| campo de control |
20230420082323.0 |
| 008 - DATOS DE LONGITUD FIJA--INFORMACIÓN GENERAL |
| campo de control de longitud fija |
221006b |||||||| |||| 00| 0 eng d |
| 040 ## - FUENTE DE CATALOGACIÓN |
| Centro/agencia transcriptor |
Biblioteca Lado V |
| 082 ## - NÚMERO DE LA CLASIFICACIÓN DECIMAL DEWEY |
| Número de clasificación |
701.18 |
| Número de ítem |
M984a |
| 100 ## - ENTRADA PRINCIPAL--NOMBRE DE PERSONA |
| 9 (RLIN) |
801 |
| Nombre de persona |
Murria, Alicia |
| Término indicativo de función/relación |
editor |
| -- |
director |
| 245 ## - MENCIÓN DEL TÍTULO |
| Título |
Artecontexto/ |
| Resto del título |
Arte, cultura, nuevos medios/ |
| 260 ## - PUBLICACIÓN, DISTRIBUCIÓN, ETC. |
| Nombre del editor, distribuidor, etc. |
Asociación de Revistas Culturales de España |
| Fecha de publicación, distribución, etc. |
2004 |
| Lugar de publicación, distribución, etc. |
Madrid |
| 300 ## - DESCRIPCIÓN FÍSICA |
| Dimensiones |
22x22cm |
| Extensión |
156p. |
| 366 ## - INFORMACIÓN SOBRE DISPONIBILIDAD COMERCIAL |
| Nota |
fre |
| 366 ## - INFORMACIÓN SOBRE DISPONIBILIDAD COMERCIAL |
| Nota |
eng |
| 490 ## - MENCIÓN DE SERIE |
| Designación de volumen o secuencia |
2004 |
| Número Internacional Normalizado para Publicaciones Seriadas |
1697-2341 |
| Mención de serie |
3 |
| 505 ## - NOTA DE CONTENIDO CON FORMATO |
| Título |
Primera Pagina |
| Nota de contenido con formato |
Alicia Murria |
| 505 ## - NOTA DE CONTENIDO CON FORMATO |
| Título |
Dossier: Otras formas de visibilidad |
| 505 ## - NOTA DE CONTENIDO CON FORMATO |
| Título |
Fragilidad institucional |
| 505 ## - NOTA DE CONTENIDO CON FORMATO |
| Título |
La utopia posible en la precariedad. |
| 505 ## - NOTA DE CONTENIDO CON FORMATO |
| Título |
Progress in Progress |
| 505 ## - NOTA DE CONTENIDO CON FORMATO |
| Título |
Artista en busca de libertad |
| 505 ## - NOTA DE CONTENIDO CON FORMATO |
| Título |
Madrid. Alternativas en la gestion artistica |
| 505 ## - NOTA DE CONTENIDO CON FORMATO |
| Título |
America Latina, por mas y mejores redes |
| 505 ## - NOTA DE CONTENIDO CON FORMATO |
| Título |
Cibercontexto |
| 505 ## - NOTA DE CONTENIDO CON FORMATO |
| Título |
Noticias |
| 505 ## - NOTA DE CONTENIDO CON FORMATO |
| Título |
Libros |
| 505 ## - NOTA DE CONTENIDO CON FORMATO |
| Título |
Criticas de exposiciones |
| 650 ## - PUNTO DE ACCESO ADICIONAL DE MATERIA--TÉRMINO DE MATERIA |
| Fuente del encabezamiento o término |
Tesauro de Arte & Arquitectura |
| Término de materia o nombre geográfico como elemento de entrada |
ARTE |
| 9 (RLIN) |
703 |
| 650 ## - PUNTO DE ACCESO ADICIONAL DE MATERIA--TÉRMINO DE MATERIA |
| Fuente del encabezamiento o término |
Tesauro de Arte & Arquitectura |
| Término de materia o nombre geográfico como elemento de entrada |
EXPOSICIONES |
| 650 ## - PUNTO DE ACCESO ADICIONAL DE MATERIA--TÉRMINO DE MATERIA |
| Fuente del encabezamiento o término |
Tesauro de Arte & Arquitectura |
| Término de materia o nombre geográfico como elemento de entrada |
CULTURA |
| 650 ## - PUNTO DE ACCESO ADICIONAL DE MATERIA--TÉRMINO DE MATERIA |
| Fuente del encabezamiento o término |
Tesauro de Arte & Arquitectura |
| Término de materia o nombre geográfico como elemento de entrada |
APRECIACION |
| 650 ## - PUNTO DE ACCESO ADICIONAL DE MATERIA--TÉRMINO DE MATERIA |
| Fuente del encabezamiento o término |
Tesauro de Arte & Arquitectura |
| Término de materia o nombre geográfico como elemento de entrada |
TEORIA |
| 650 ## - PUNTO DE ACCESO ADICIONAL DE MATERIA--TÉRMINO DE MATERIA |
| Fuente del encabezamiento o término |
Tesauro de Arte & Arquitectura |
| Término de materia o nombre geográfico como elemento de entrada |
CRITICA |
| 650 ## - PUNTO DE ACCESO ADICIONAL DE MATERIA--TÉRMINO DE MATERIA |
| Fuente del encabezamiento o término |
Tesauro de Arte & Arquitectura |
| Término de materia o nombre geográfico como elemento de entrada |
FOTOGRAFIA |
| 9 (RLIN) |
702 |
| 650 ## - PUNTO DE ACCESO ADICIONAL DE MATERIA--TÉRMINO DE MATERIA |
| Fuente del encabezamiento o término |
Tesauro de Arte & Arquitectura |
| Término de materia o nombre geográfico como elemento de entrada |
LITERATURA |
| 650 ## - PUNTO DE ACCESO ADICIONAL DE MATERIA--TÉRMINO DE MATERIA |
| Fuente del encabezamiento o término |
Tesauro de Arte & Arquitectura |
| Término de materia o nombre geográfico como elemento de entrada |
ESPAÑA |
| 942 ## - ELEMENTOS DE ENTRADA SECUNDARIOS (KOHA) |
| Fuente del sistema de clasificación o colocación |
Clasificación Decimal Dewey |
| Tipo de ítem Koha |
Libros |
| Parte de la signatura que corresponde a la clasificación (Parte de la clasificación) |
701.18 |
| Parte de la signatura que identifica el ejemplar (Parte del ítem) |
M984a |
| Suprimir en OPAC |
No |